|
|
|
|
| LEADER |
00573cam a2200193 7i4500 |
| 001 |
0000038126 |
| 005 |
20151104090000.0 |
| 005 |
##20151104145200.0 |
| 003 |
##MY-KlINT |
| 020 |
# |
# |
|a 983624168X
|
| 039 |
# |
9 |
|y 201511041452
|z VLOAD
|
| 090 |
0 |
0 |
|a 519.5
|b KUA
|
| 100 |
1 |
# |
|a Kuan, Kee Sin
|
| 245 |
1 |
0 |
|a Statistik permulaan /
|c by Kuan Kee Sin.
|
| 260 |
# |
# |
|a Kuala Lumpur:
|b Dewan Bahasa Pustaka,
|c 1998.
|
| 300 |
# |
# |
|a 334p.
|
| 490 |
0 |
# |
|a Siri pendidikan jarak jauh
|
| 650 |
# |
0 |
|a Mathematical statistics --
|x Study and teaching (Higher)
|
| 650 |
# |
0 |
|a Statistics --
|x Study and teaching (Higher)
|